Burning Bright: a play in story form

-д хадгалсан:
Номзүйн дэлгэрэнгүй
Үндсэн зохиолч: Steinbeck, John (Зохиогч)
Формат: Ном
Хэл сонгох:испани
Хэвлэсэн: Nueva York Penguin Books 1994
Нөхцлүүд:
Шошгууд: Шошго нэмэх
Шошго байхгүй, Энэхүү баримтыг шошголох эхний хүн болох!

MARC

LEADER 00000nam a2200000 a 4500
001 UCG4278
003 CL-VaPUC
008 101021e19940000US |||||||||||||||||spa|d
020 |a 0140187421 
082 0 4 |a 813  |b STE  |2 21 
100 0 |a Steinbeck, John  |e author  |9 416388 
245 1 0 |a Burning Bright: a play in story form 
300 |a 93 p 
942 |c BK 
945 |d 20101021 00:00:00  |a mfarfan 
260 |a Nueva York  |b Penguin Books  |c 1994 
650 7 |a ESCRITORES ESTADOUNIDENSES  |2 CL-VaPUC  |9 449760 
650 0 |a Literatura estadounidense  |9 317168 
650 0 |a Novelas estadounidenses  |9 265217 
583 |a last modification  |c 20101021 00:00:00  |k Rodrigo Vera 
999 |c 343099  |d 343097 
952 |0 0  |1 0  |4 0  |6 813_000000000000000_STE_1994  |7 0  |8 A  |9 440081  |a BIBEDU  |b BIBEDU  |d 2019-11-22  |i 4728181  |o 813 STE 1994  |p 4728181  |r 2019-11-22  |w 2019-11-22  |y BK  |k LIT